Normal view MARC view
  • Grace, Robert A.,

Entry Personal Name

Number of records used in: 1

001 - CONTROL NUMBER

  • control field: 25125

003 - CONTROL NUMBER IDENTIFIER

  • control field: NUST

005 - DATE AND TIME OF LATEST TRANSACTION

  • control field: 20191104160934.0

008 - FIXED-LENGTH DATA ELEMENTS

  • fixed length control field: 191104|| aca||aabn | a|a d

040 ## - CATALOGING SOURCE

  • Original cataloging agency: NUST
  • Transcribing agency: NUST

100 ## - HEADING--PERSONAL NAME

  • Personal name: Grace, Robert A.,
  • Dates associated with a name: 1938-

670 ## - SOURCE DATA FOUND

  • Source citation: Work cat.: (NUST)0: Grace, Robert A., 1938-, Marine outfall construction :, c2009.
© 2023 Central Library, National University of Sciences and Technology. All Rights Reserved.